000 00864nam a22003017a 4500
003 CHAP
005 20220329135236.0
008 971013s1968 r 00010 d
010 _a33179
011 _a34151
035 _a38267
040 _cCHAP
082 _a800
_bN8 1968
100 0 0 _aNueda, Luis.
_982120
245 _aMil libros
250 _a6 ed.
260 _aMadrid :
_bAguilar,
_c1968
300 _a2 v.
590 _aBATCH-UPD
_b10
_c20130110
_lUCH01
_h1905
590 _aBATCH-UPD
_b10
_c20130410
_lUCH01
_h1232
590 _aBATCH-UPD
_b10
_c20130914
_lUCH01
_h1726
590 _aCONVERSION
_b10
_c20130109
_lUCH01
_h1319
650 1 4 _aLiteratura
_xReseƱas.
_967118
901 _aBK
942 _cLIBRO
949 _a800 N8 1968
_bBC
_cC
_d33724000939583
_eC
_fv.1
_h35076
_i38267
_si
949 _a800 N8 1968
_bBC
_cMUT
_d-87442
_eMUT
_fv.2
_h35077
_i38267
_si
999 _c33179
_d33179